Регионална библиотека "Любен Каравелов" - Русе

Полное собрание сочиненiй (Запис номер 345786)

MARC детайли
000 -Лидер
Контролно поле с фиксирана дължина 01763nam a2200349 c 4500
003 - Код на организацията, давaща контролен номер
Контролно поле BLK
005 - Дата и час на последна редакция
Контролно поле 20191003124530.0
008 - Елементи от данни с фиксирана дължина
fixed length control field 180911b bul|||||r ||||||| ||bul||
010 ## - Наследен системен номер
LC control number 003846
040 ## - Източник на каталожния запис
Идентификатор на билиотеката - собственик на записа BLK
041 ## - Код за език
Код за езика на текст/звукозапис или на отделно заглавие Руски
Код за езика КДБФ Български
080 ## - УДК
УДК - код + определител 882(081)
100 1# - Редна дума - Автор
Автор ТУРГЕНЕВ, Иван
Авторска отговорност първи автор
R(LIN) 397751
245 00 - Сведения за заглавието
Заглавие Полное собрание сочиненiй
Том Т. 6
246 ## - Различни форми на заглавието
Паралелно заглавие В 10 т.
Наименование на поредна част от произведението епос-романи
260 ## - Област на издателските данни
Място на издаване, разпространение и проч. Берлин
Име на издателя, разпространителя и проч. Слово
Година на издаване 1921 - 1923
Дата на отпечатване 1922
300 ## - Физическа характеристика
Страници 576 с
Размери/Мащаб 16 см
380 ## - Жанр
Жанр Литературознание
490 ## - СЕРИИ (Колекции)
Име на серия Частна колекция - Академик Михаил Арнаудов
Бележки за серията Дарение - Основен фонд
505 ## - Форматирана забележка
Заглавие
505 ## - Форматирана забележка
Заглавие
653 ## - Ключова дума – ненормативна
Ключова дума епос
653 ## - Ключова дума – ненормативна
Ключова дума романи
655 ## - Ключова дума – жанр/разновидност
Данни за жанр/разновидност или ключова дума за фокус руска литература
700 1# - Други автори (авторска отговорност)
Лично име И. С. Тургенев
9 (RLIN) 398563
852 ## - Местоположение
Форматна сигнатура МА 1915
999 ## - СИСТЕМНИ КОНТРОЛНИ НОМЕРА
Koha biblionumber 345786
Koha biblioitemnumber 345786
942 ## - АРТИКУЛИ
Вид на библиотечния материал Книги
Скрит в OPAC Не
Периодичен библиозапис Да
944 ## - СЪЗДАВАНЕ И РЕДАКЦИЯ на ЗАПИСА
Създаване/Редакция Създаване
Дата на регистрацията/редакция 1996
Служител, извършил регистрацията/редакцията ValK
999 ## - СИСТЕМНИ КОНТРОЛНИ НОМЕРА
Koha biblioitemnumber 344181
Наличности
Код за отписване Код за изгубен артикул Източник на класификационната схема Код за повреда Коз за рестрикции Код за отдаване Артикулен № Име на библиотеката - собственик Име на библиотеката, в която се намира в момента Статус (Текущо местоположение) Местоположение - отдел Цена в лева Инвентарен номер Систематично азбучна сигнатура Баркод Номер на екземпляра Цена в евро Служебен тип на артикула
  Не е изгубен Universal Decimal Classification Не е повреден без рестрикции Специални фондове ( старопечатни, редки и ценни, фонд М. Арнаудов) 744546 Регионална библиотека "Любен Каравелов" Русе Регионална библиотека "Любен Каравелов" Русе Фонд "Михаил Арнаудов" Фонд "Михаил Арнаудов" 20.00 590177 МА 1915 120000590177 6 10.23 Книги
Vip Innovations Ltd, Rousse, Bulgaria 2025